00494 a2200145 4500010001400000020002300014035001300037037001800050082001300068100003200081245005900113260004400172270010900216300002300325 aENG-85398 c250.00a8176580279 aEN-68931 bD.B.Act / Pub14a152.4954 aManral, Harsh Vardhan Singh1 aThe rustic humour of IndiacHarsh Vardhan Singh Manral aNew DelhibUppal Publishing Housec2005 a3, Ansari Road, Darya Ganj,bNew DelhicDelhie110002k23273756, 23286571l23286571muppalbooks@vsnl.net a125 pc21 cm (Pbk)